[Event "English Open Championship 2024"]
[Site "Holiday Inn, 212 Abbey End, Kenilworth CV8 1ED, United Kingdom"]
[Date "2024.06.21"]
[Round "3.37"]
[White "Patel, Keatan"]
[Black "He, Tom Junde"]
[Result "0-1"]
[TimeControl "G90 + 30secs/move"]
[WhiteFideId "477613"]
[BlackFideId "488810"]
[WhiteElo "1848"]
[BlackElo "1902"]

1. d4 {[%clk 01:30:45]} {[%emt 00:00:14]} Nf6 {[%clk 01:30:48]} {[%emt
00:00:12]} 2. c4 {[%clk 01:31:10]} {[%emt 00:00:05]} e6 {[%clk 01:31:14]}
{[%emt 00:00:05]} 3. Nc3 {[%clk 01:31:35]} {[%emt 00:00:04]} Bb4 {[%clk
01:31:41]} {[%emt 00:00:03]} 4. Bd2 {[%clk 01:31:47]} {[%emt 00:00:18]} d5
{[%clk 01:31:02]} {[%emt 00:01:10]} 5. e3 {[%clk 01:31:41]} {[%emt 00:00:35]}
O-O {[%clk 01:30:55]} {[%emt 00:00:38]} 6. Nf3 {[%clk 01:31:59]} {[%emt
00:00:12]} b6 {[%clk 01:28:51]} {[%emt 00:02:34]} 7. cxd5 {[%clk 01:25:39]}
{[%emt 00:06:49]} exd5 {[%clk 01:28:48]} {[%emt 00:00:33]} 8. Bd3 {[%clk
01:24:54]} {[%emt 00:01:15]} Bg4 {[%clk 01:27:02]} {[%emt 00:02:16]} 9. h3
{[%clk 01:20:21]} {[%emt 00:05:04]} Bh5 {[%clk 01:26:07]} {[%emt 00:01:25]} 10.
O-O {[%clk 01:17:23]} {[%emt 00:03:27]} Re8 {[%clk 01:22:36]} {[%emt 00:04:01]}
11. Be2 {[%clk 01:08:18]} {[%emt 00:09:36]} Nbd7 {[%clk 01:10:43]} {[%emt
00:12:23]} 12. a3 {[%clk 01:06:56]} {[%emt 00:01:52]} Bxc3 {[%clk 01:07:30]}
{[%emt 00:03:42]} 13. bxc3 {[%clk 01:06:55]} {[%emt 00:00:31]} Ne4 {[%clk
01:07:16]} {[%emt 00:00:45]} 14. a4 {[%clk 00:58:05]} {[%emt 00:09:20]} Re6
{[%clk 00:53:47]} {[%emt 00:13:59]} 15. Ne1 {[%clk 00:46:02]} {[%emt 00:12:33]}
Bxe2 {[%clk 00:52:23]} {[%emt 00:01:53]} 16. Qxe2 {[%clk 00:46:24]} {[%emt
00:00:08]} Nf8 {[%clk 00:51:18]} {[%emt 00:01:35]} 17. Nd3 {[%clk 00:41:17]}
{[%emt 00:05:37]} Ng6 {[%clk 00:49:26]} {[%emt 00:02:23]} 18. Be1 {[%clk
00:33:38]} {[%emt 00:08:08]} Qd7 {[%clk 00:38:33]} {[%emt 00:11:24]} 19. h4
{[%clk 00:28:21]} {[%emt 00:05:47]} Rae8 {[%clk 00:23:02]} {[%emt 00:16:01]} 20.
h5 {[%clk 00:27:41]} {[%emt 00:01:08]} Nf8 {[%clk 00:21:55]} {[%emt 00:01:38]}
21. Ne5 {[%clk 00:19:49]} {[%emt 00:08:22]} Qe7 {[%clk 00:16:20]} {[%emt
00:06:05]} 22. c4 {[%clk 00:14:07]} {[%emt 00:06:12]} dxc4 {[%clk 00:13:26]}
{[%emt 00:03:24]} 23. Qxc4 {[%clk 00:14:11]} {[%emt 00:00:27]} c5 {[%clk
00:13:21]} {[%emt 00:00:35]} 24. f4 {[%clk 00:09:09]} {[%emt 00:05:31]} Nd6
{[%clk 00:12:02]} {[%emt 00:01:49]} 25. Qd5 {[%clk 00:07:55]} {[%emt 00:01:44]}
Nf5 {[%clk 00:08:45]} {[%emt 00:03:47]} 26. Bf2 {[%clk 00:05:38]} {[%emt
00:02:47]} Rd8 {[%clk 00:06:50]} {[%emt 00:02:25]} 27. Qf3 {[%clk 00:04:58]}
{[%emt 00:01:10]} Qc7 {[%clk 00:01:30]} {[%emt 00:05:49]} 28. d5 {[%clk
00:04:38]} {[%emt 00:00:51]} Rf6 {[%clk 00:01:08]} {[%emt 00:00:50]} 29. g4
{[%clk 00:04:35]} {[%emt 00:00:34]} Ne7 {[%clk 00:01:05]} {[%emt 00:00:33]} 30.
g5 {[%clk 00:03:42]} {[%emt 00:01:23]} Rf5 {[%clk 00:00:50]} {[%emt 00:00:45]}
31. e4 {[%clk 00:03:46]} {[%emt 00:00:27]} Qxe5 {[%clk 00:01:13]} {[%emt
00:00:07]} 32. exf5 {[%clk 00:03:53]} {[%emt 00:00:22]} Qxf5 {[%clk 00:01:30]}
{[%emt 00:00:13]} 33. Rad1 {[%clk 00:03:33]} {[%emt 00:00:51]} Nxd5 {[%clk
00:01:38]} {[%emt 00:00:21]} 34. Rfe1 {[%clk 00:03:27]} {[%emt 00:00:36]} f6
{[%clk 00:01:18]} {[%emt 00:00:50]} 35. gxf6 {[%clk 00:03:20]} {[%emt
00:00:37]} gxf6 {[%clk 00:01:44]} {[%emt 00:00:04]} 36. Kh2 {[%clk 00:03:00]}
{[%emt 00:00:50]} Kf7 {[%clk 00:01:42]} {[%emt 00:00:32]} 37. Rg1 {[%clk
00:01:49]} {[%emt 00:01:42]} Ne6 {[%clk 00:02:02]} {[%emt 00:00:10]} 38. Qg4
{[%clk 00:01:37]} {[%emt 00:00:41]} Qxg4 {[%clk 00:01:58]} {[%emt 00:00:34]} 39.
Rxg4 {[%clk 00:01:59]} {[%emt 00:00:08]} Ne3 {[%clk 00:02:14]} {[%emt
00:00:15]} 40. Rxd8 {[%clk 00:01:31]} {[%emt 00:00:57]} Nxg4+ {[%clk 00:02:41]}
{[%emt 00:00:03]} 41. Kg3 {[%clk 00:01:52]} {[%emt 00:00:08]} Nxd8 {[%clk
00:01:20]} {[%emt 00:01:52]} 42. Kxg4 {[%clk 00:02:17]} {[%emt 00:00:05]} Ne6
{[%clk 00:01:35]} {[%emt 00:00:16]} 43. Kf5 {[%clk 00:02:26]} {[%emt 00:00:20]}
Ng7+ {[%clk 00:01:56]} {[%emt 00:00:09]} 44. Kg4 {[%clk 00:02:36]} {[%emt
00:00:19]} Ke6 {[%clk 00:02:20]} {[%emt 00:00:07]} 45. Be1 {[%clk 00:01:51]}
{[%emt 00:01:15]} Nf5 {[%clk 00:02:37]} {[%emt 00:00:13]} 46. Bc3 {[%clk
00:01:42]} {[%emt 00:00:39]} Ne3+ {[%clk 00:02:56]} {[%emt 00:00:11]} 47. Kf3
{[%clk 00:02:03]} {[%emt 00:00:09]} Nd5 {[%clk 00:03:20]} {[%emt 00:00:06]} 48.
Bd2 {[%clk 00:01:56]} {[%emt 00:00:37]} Kf5 {[%clk 00:03:43]} {[%emt 00:00:07]}
49. h6 {[%clk 00:01:58]} {[%emt 00:00:28]} Ne7 {[%clk 00:03:50]} {[%emt
00:00:24]} 50. a5 {[%clk 00:02:11]} {[%emt 00:00:16]} Ng8 {[%clk 00:03:47]}
{[%emt 00:00:17]} 51. axb6 {[%clk 00:02:31]} {[%emt 00:00:26]} axb6 {[%clk
00:04:15]} {[%emt 00:00:02]} 52. Be3 {[%clk 00:02:27]} {[%emt 00:00:35]} Nxh6
{[%clk 00:04:37]} {[%emt 00:00:07]} 53. Bg1 {[%clk 00:02:32]} {[%emt 00:00:25]}
Nf7 {[%clk 00:04:55]} {[%emt 00:00:11]} 54. Ke3 {[%clk 00:02:39]} {[%emt
00:00:24]} Nd6 {[%clk 00:05:13]} {[%emt 00:00:12]} 55. Kd3 {[%clk 00:02:47]}
{[%emt 00:00:22]} Kg4 {[%clk 00:05:12]} {[%emt 00:00:31]} 56. Bh2 {[%clk
00:02:56]} {[%emt 00:00:21]} Kh3 {[%clk 00:05:28]} {[%emt 00:00:14]} 57. Bg1
{[%clk 00:03:09]} {[%emt 00:00:17]} Kg2 {[%clk 00:05:54]} {[%emt 00:00:04]} 58.
Be3 {[%clk 00:03:31]} {[%emt 00:00:08]} f5 {[%clk 00:06:19]} {[%emt 00:00:05]}
0-1

[Event "English Open Championship 2024"]
[Site "Holiday Inn, 212 Abbey End, Kenilworth CV8 1ED, United Kingdom"]
[Date "2024.06.21"]
[Round "3.38"]
[White "Patel, Zain"]
[Black "Lim, Mark"]
[Result "1/2-1/2"]
[TimeControl "G90 + 30secs/move"]
[WhiteFideId "469246"]
[BlackFideId "417734"]
[WhiteElo "1972"]
[BlackElo "1844"]

1. d4 {[%clk 01:24:49]} {[%emt 00:06:11]} e6 {[%clk 01:30:46]} {[%emt
00:00:14]} 2. Nf3 {[%clk 01:24:26]} {[%emt 00:00:53]} Nf6 {[%clk 01:31:11]}
{[%emt 00:00:06]} 3. e3 {[%clk 01:24:21]} {[%emt 00:00:35]} c5 {[%clk
01:31:23]} {[%emt 00:00:17]} 4. Bd3 {[%clk 01:24:15]} {[%emt 00:00:36]} cxd4
{[%clk 01:31:45]} {[%emt 00:00:09]} 5. exd4 {[%clk 01:24:23]} {[%emt 00:00:21]}
Be7 {[%clk 01:32:03]} {[%emt 00:00:12]} 6. O-O {[%clk 01:23:56]} {[%emt
00:00:58]} b6 {[%clk 01:32:26]} {[%emt 00:00:06]} 7. Nbd2 {[%clk 01:23:07]}
{[%emt 00:01:19]} Bb7 {[%clk 01:32:19]} {[%emt 00:00:38]} 8. b3 {[%clk
01:21:38]} {[%emt 00:01:59]} d6 {[%clk 01:30:47]} {[%emt 00:02:02]} 9. Bb2
{[%clk 01:20:58]} {[%emt 00:01:10]} Nbd7 {[%clk 01:30:34]} {[%emt 00:00:43]} 10.
a4 {[%clk 01:20:19]} {[%emt 00:01:09]} O-O {[%clk 01:28:35]} {[%emt 00:02:29]}
11. a5 {[%clk 01:18:16]} {[%emt 00:02:33]} Re8 {[%clk 01:27:50]} {[%emt
00:01:14]} 12. a6 {[%clk 01:15:59]} {[%emt 00:02:48]} Bc6 {[%clk 01:27:16]}
{[%emt 00:01:03]} 13. Re1 {[%clk 01:15:24]} {[%emt 00:01:06]} Rc8 {[%clk
01:25:03]} {[%emt 00:02:42]} 14. Qe2 {[%clk 01:09:39]} {[%emt 00:06:15]} Bf8
{[%clk 01:22:47]} {[%emt 00:02:46]} 15. h3 {[%clk 01:05:53]} {[%emt 00:04:15]}
Qc7 {[%clk 01:19:09]} {[%emt 00:04:09]} 16. g4 {[%clk 01:01:35]} {[%emt
00:04:48]} g6 {[%clk 01:14:57]} {[%emt 00:04:42]} 17. c4 {[%clk 00:58:14]}
{[%emt 00:03:51]} Bg7 {[%clk 01:10:42]} {[%emt 00:04:45]} 18. Ne4 {[%clk
00:54:59]} {[%emt 00:03:45]} d5 {[%clk 01:06:58]} {[%emt 00:04:15]} 19. Nxf6+
{[%clk 00:53:57]} {[%emt 00:01:32]} 1/2-1/2

[ePGN "0.1;DGT LiveChess/2.2.6"]

[Event "English Open Championship 2024"]
[Site "Holiday Inn, 212 Abbey End, Kenilworth CV8 1ED, United Kingdom"]
[Date "2024.06.21"]
[Round "4.1"]
[White "Jones, Gawain Cb"]
[Black "Adams, Michael"]
[Result "1/2-1/2"]
[TimeControl "G90 + 30secs/move"]
[WhiteFideId "409561"]
[BlackFideId "400041"]
[WhiteElo "2633"]
[BlackElo "2670"]

1. c4 {[%clk 01:29:44]} {[%emt 00:01:15]} e5 {[%clk 01:29:39]} {[%emt
00:01:21]} 2. Nc3 {[%clk 01:30:04]} {[%emt 00:00:10]} Nf6 {[%clk 01:30:02]}
{[%emt 00:00:07]} 3. Nf3 {[%clk 01:30:30]} {[%emt 00:00:04]} Nc6 {[%clk
01:30:26]} {[%emt 00:00:06]} 4. g3 {[%clk 01:30:56]} {[%emt 00:00:05]} Bb4
{[%clk 01:28:46]} {[%emt 00:02:10]} 5. Nd5 {[%clk 01:30:53]} {[%emt 00:00:32]}
Bc5 {[%clk 01:28:03]} {[%emt 00:01:13]} 6. Bg2 {[%clk 01:30:52]} {[%emt
00:00:31]} d6 {[%clk 01:28:21]} {[%emt 00:00:12]} 7. O-O {[%clk 01:29:35]}
{[%emt 00:01:47]} O-O {[%clk 01:28:36]} {[%emt 00:00:15]} 8. e3 {[%clk
01:27:02]} {[%emt 00:03:02]} Bb6 {[%clk 01:28:10]} {[%emt 00:00:57]} 9. a4
{[%clk 01:22:40]} {[%emt 00:04:52]} Bg4 {[%clk 01:20:02]} {[%emt 00:08:38]} 10.
h3 {[%clk 01:22:31]} {[%emt 00:00:39]} Bh5 {[%clk 01:20:21]} {[%emt 00:00:11]}
11. g4 {[%clk 01:22:02]} {[%emt 00:01:00]} Bg6 {[%clk 01:20:44]} {[%emt
00:00:07]} 12. d4 {[%clk 01:21:40]} {[%emt 00:00:52]} a5 {[%clk 01:19:32]}
{[%emt 00:01:42]} 13. Nxb6 {[%clk 01:11:16]} {[%emt 00:10:53]} cxb6 {[%clk
01:20:00]} {[%emt 00:00:03]} 14. b3 {[%clk 01:11:37]} {[%emt 00:00:08]} Re8
{[%clk 01:16:08]} {[%emt 00:04:22]} 15. Nh4 {[%clk 01:02:30]} {[%emt 00:09:37]}
exd4 {[%clk 01:09:23]} {[%emt 00:07:15]} 16. Nxg6 {[%clk 00:58:31]} {[%emt
00:04:29]} hxg6 {[%clk 01:09:37]} {[%emt 00:00:16]} 17. exd4 {[%clk 00:58:55]}
{[%emt 00:00:06]} d5 {[%clk 01:06:10]} {[%emt 00:03:57]} 18. Bg5 {[%clk
00:49:27]} {[%emt 00:09:58]} Qd6 {[%clk 01:00:02]} {[%emt 00:06:38]} 19. c5
{[%clk 00:34:13]} {[%emt 00:15:44]} bxc5 {[%clk 00:56:41]} {[%emt 00:03:51]}
1/2-1/2

[Event "English Open Championship 2024"]
[Site "Holiday Inn, 212 Abbey End, Kenilworth CV8 1ED, United Kingdom"]
[Date "2024.06.21"]
[Round "4.2"]
[White "Ghasi, Ameet K"]
[Black "Roberson, Peter T"]
[Result "1/2-1/2"]
[TimeControl "G90 + 30secs/move"]
[WhiteFideId "409200"]
[BlackFideId "412384"]
[WhiteElo "2496"]
[BlackElo "2420"]

1. Nf3 {[%clk 01:28:01]} {[%emt 00:01:43]} c5 {[%clk 01:30:15]} {[%emt
00:00:45]} 2. g3 {[%clk 01:28:08]} {[%emt 00:00:23]} g6 {[%clk 01:30:10]}
{[%emt 00:00:35]} 3. Bg2 {[%clk 01:26:51]} {[%emt 00:01:48]} Bg7 {[%clk
01:29:59]} {[%emt 00:00:40]} 4. c4 {[%clk 01:27:12]} {[%emt 00:00:08]} Nc6
{[%clk 01:29:30]} {[%emt 00:01:01]} 5. Nc3 {[%clk 01:27:23]} {[%emt 00:00:18]}
d6 {[%clk 01:28:39]} {[%emt 00:01:21]} 6. O-O {[%clk 01:27:22]} {[%emt
00:00:32]} Be6 {[%clk 01:28:27]} {[%emt 00:00:42]} 7. d3 {[%clk 01:14:16]}
{[%emt 00:13:36]} Qc8 {[%clk 01:28:13]} {[%emt 00:00:43]} 8. Bd2 {[%clk
01:05:42]} {[%emt 00:09:04]} Bh3 {[%clk 01:27:34]} {[%emt 00:01:09]} 9. a3
{[%clk 01:05:21]} {[%emt 00:00:52]} h5 {[%clk 01:23:17]} {[%emt 00:04:47]} 10.
Bxh3 {[%clk 00:59:02]} {[%emt 00:06:49]} Qxh3 {[%clk 01:22:32]} {[%emt
00:01:15]} 11. Ng5 {[%clk 00:57:48]} {[%emt 00:01:44]} Qd7 {[%clk 01:18:27]}
{[%emt 00:04:35]} 12. h4 {[%clk 00:57:59]} {[%emt 00:00:19]} Nh6 {[%emt
00:08:12]} 13. Rb1 {[%clk 00:54:16]} {[%emt 00:02:44]} Nf5 {[%clk 01:08:28]}
{[%emt 00:04:15]} 14. Nce4 {[%clk 00:49:40]} {[%emt 00:05:07]} O-O {[%clk
00:45:25]} {[%emt 00:23:33]} 15. e3 {[%clk 00:36:32]} {[%emt 00:13:38]} b6
{[%clk 00:37:55]} {[%emt 00:08:00]} 16. b4 {[%clk 00:35:52]} {[%emt 00:01:10]}
Ne5 {[%clk 00:35:30]} {[%emt 00:02:54]} 17. Bc3 {[%clk 00:33:54]} {[%emt
00:02:27]} Rfd8 {[%clk 00:31:38]} {[%emt 00:04:22]} 18. Nf3 {[%clk 00:25:53]}
{[%emt 00:08:32]} Ng4 {[%clk 00:28:38]} {[%emt 00:03:30]} 19. Bxg7 {[%clk
00:24:08]} {[%emt 00:02:15]} Kxg7 {[%clk 00:29:00]} {[%emt 00:00:08]} 20. Nc3
{[%clk 00:24:13]} {[%emt 00:00:25]} Rac8 {[%clk 00:19:13]} {[%emt 00:10:18]} 21.
Qe2 {[%clk 00:21:22]} {[%emt 00:03:21]} e6 {[%clk 00:12:18]} {[%emt 00:07:25]}
22. bxc5 {[%clk 00:13:52]} {[%emt 00:08:00]} dxc5 {[%clk 00:10:13]} {[%emt
00:02:35]} 23. Rfd1 {[%clk 00:13:27]} {[%emt 00:00:54]} Qe7 {[%clk 00:08:46]}
{[%emt 00:01:57]} 24. a4 {[%clk 00:12:23]} {[%emt 00:01:35]} Nd6 {[%clk
00:07:36]} {[%emt 00:01:40]} 25. Nb5 {[%clk 00:10:34]} {[%emt 00:02:19]} Rd7
{[%clk 00:06:23]} {[%emt 00:01:42]} 26. Qb2+ {[%clk 00:07:50]} {[%emt
00:03:14]} Qf6 {[%clk 00:06:26]} {[%emt 00:00:27]} 27. Qxf6+ {[%clk 00:06:16]}
{[%emt 00:02:04]} Kxf6 {[%clk 00:06:48]} {[%emt 00:00:08]} 28. Kf1 {[%clk
00:05:54]} {[%emt 00:00:50]} Nxb5 {[%clk 00:02:12]} {[%emt 00:05:08]} 29. axb5
{[%clk 00:03:46]} {[%emt 00:02:38]} Ne5 {[%clk 00:02:06]} {[%emt 00:00:37]} 30.
Nxe5 {[%clk 00:03:01]} {[%emt 00:01:14]} 1/2-1/2

[Event "English Open Championship 2024"]
[Site "Holiday Inn, 212 Abbey End, Kenilworth CV8 1ED, United Kingdom"]
[Date "2024.06.21"]
[Round "4.3"]
[White "Fernandez, Daniel H"]
[Black "Bates, Richard A"]
[Result "1/2-1/2"]
[TimeControl "G90 + 30secs/move"]
[WhiteFideId "5801605"]
[BlackFideId "403555"]
[WhiteElo "2526"]
[BlackElo "2312"]

1. e4 {[%clk 01:28:02]} {[%emt 00:02:57]} c5 {[%clk 01:30:26]} {[%emt
00:00:35]} 2. Nf3 {[%clk 01:28:28]} {[%emt 00:00:04]} d6 {[%clk 01:28:36]}
{[%emt 00:02:20]} 3. d4 {[%clk 01:28:54]} {[%emt 00:00:04]} cxd4 {[%clk
01:28:58]} {[%emt 00:00:08]} 4. Qxd4 {[%clk 01:29:20]} {[%emt 00:00:04]} a6
{[%clk 01:25:43]} {[%emt 00:03:46]} 5. h3 {[%clk 01:29:33]} {[%emt 00:00:16]}
e5 {[%clk 01:24:07]} {[%emt 00:02:05]} 6. Qd3 {[%clk 01:19:54]} {[%emt
00:10:10]} Be7 {[%clk 01:22:00]} {[%emt 00:02:36]} 7. c4 {[%clk 01:19:17]}
{[%emt 00:01:07]} Nf6 {[%clk 01:20:43]} {[%emt 00:01:47]} 8. Nc3 {[%clk
01:19:44]} {[%emt 00:00:04]} O-O {[%clk 01:20:06]} {[%emt 00:01:06]} 9. Be2
{[%clk 01:18:21]} {[%emt 00:01:54]} Be6 {[%clk 01:07:37]} {[%emt 00:12:59]} 10.
O-O {[%clk 01:17:05]} {[%emt 00:01:45]} Nbd7 {[%clk 01:01:33]} {[%emt
00:06:35]} 11. Be3 {[%clk 01:13:54]} {[%emt 00:03:40]} Rc8 {[%clk 01:00:37]}
{[%emt 00:01:26]} 12. Nd2 {[%clk 01:13:19]} {[%emt 00:01:05]} Ne8 {[%clk
00:56:47]} {[%emt 00:04:19]} 13. b4 {[%clk 00:57:55]} {[%emt 00:15:56]} Bg5
{[%clk 00:53:28]} {[%emt 00:03:48]} 14. Rfc1 {[%clk 00:54:10]} {[%emt
00:04:15]} Bf4 {[%clk 00:41:32]} {[%emt 00:12:25]} 15. Nd5 {[%clk 00:49:01]}
{[%emt 00:05:40]} Bxd5 {[%clk 00:35:55]} {[%emt 00:06:07]} 16. cxd5 {[%clk
00:47:47]} {[%emt 00:01:44]} Bxe3 {[%clk 00:35:58]} {[%emt 00:00:27]} 17. Qxe3
{[%clk 00:48:13]} {[%emt 00:00:04]} Rxc1+ {[%clk 00:22:12]} {[%emt 00:14:15]}
18. Rxc1 {[%clk 00:48:18]} {[%emt 00:00:26]} a5 {[%clk 00:22:25]} {[%emt
00:00:18]} 19. Qa7 {[%clk 00:41:26]} {[%emt 00:07:21]} axb4 {[%clk 00:21:30]}
{[%emt 00:01:24]} 20. Qxb7 {[%clk 00:41:52]} {[%emt 00:00:05]} Nc5 {[%clk
00:19:24]} {[%emt 00:02:37]} 21. Qxb4 {[%clk 00:42:17]} {[%emt 00:00:05]} Qa8
{[%clk 00:18:50]} {[%emt 00:01:04]} 22. a4 {[%clk 00:38:00]} {[%emt 00:04:46]}
Qxa4 {[%clk 00:17:47]} {[%emt 00:01:32]} 23. Qxa4 {[%clk 00:38:28]} {[%emt
00:00:03]} Nxa4 {[%clk 00:18:10]} {[%emt 00:00:08]} 24. Rc6 {[%clk 00:38:50]}
{[%emt 00:00:07]} Nc5 {[%clk 00:17:39]} {[%emt 00:01:02]} 25. Bb5 {[%clk
00:33:49]} {[%emt 00:05:30]} g6 {[%clk 00:12:57]} {[%emt 00:05:12]} 26. f3
{[%clk 00:32:44]} {[%emt 00:01:35]} f5 {[%clk 00:11:44]} {[%emt 00:01:43]} 27.
exf5 {[%clk 00:33:00]} {[%emt 00:00:14]} gxf5 {[%clk 00:11:59]} {[%emt
00:00:15]} 28. Nc4 {[%clk 00:33:08]} {[%emt 00:00:22]} e4 {[%clk 00:06:02]}
{[%emt 00:06:28]} 29. Rc8 {[%clk 00:27:27]} {[%emt 00:06:10]} Nf6 {[%clk
00:05:57]} {[%emt 00:00:36]} 30. Nxd6 {[%clk 00:27:51]} {[%emt 00:00:05]} Rxc8
{[%clk 00:05:15]} {[%emt 00:01:12]} 31. Nxc8 {[%clk 00:28:19]} {[%emt
00:00:03]} exf3 {[%clk 00:04:07]} {[%emt 00:01:38]} 32. gxf3 {[%clk 00:28:38]}
{[%emt 00:00:10]} f4 {[%clk 00:03:58]} {[%emt 00:00:38]} 33. Kf2 {[%clk
00:27:07]} {[%emt 00:02:01]} Kf8 {[%clk 00:02:31]} {[%emt 00:01:59]} 34. d6
{[%clk 00:24:54]} {[%emt 00:02:43]} Kf7 {[%clk 00:02:05]} {[%emt 00:00:56]} 35.
Bc4+ {[%clk 00:25:12]} {[%emt 00:00:12]} Ke8 {[%clk 00:02:27]} {[%emt
00:00:08]} 36. Nb6 {[%clk 00:24:46]} {[%emt 00:00:55]} Nb7 {[%clk 00:01:26]}
{[%emt 00:01:32]} 37. Bb5+ {[%clk 00:25:07]} {[%emt 00:00:09]} Kf7 {[%clk
00:01:36]} {[%emt 00:00:19]} 38. d7 {[%clk 00:25:20]} {[%emt 00:00:18]} Ke7
{[%clk 00:01:39]} {[%emt 00:00:28]} 39. Ke2 {[%clk 00:25:29]} {[%emt 00:00:19]}
Kd6 {[%clk 00:01:04]} {[%emt 00:01:04]} 40. Nc4+ {[%clk 00:20:39]} {[%emt
00:05:21]} Kc5 {[%clk 00:01:03]} {[%emt 00:00:32]} 41. Na5 {[%clk 00:19:36]}
{[%emt 00:01:33]} Kxb5 {[%clk 00:01:14]} {[%emt 00:00:20]} 42. Nxb7 {[%clk
00:19:58]} {[%emt 00:00:08]} Nxd7 {[%clk 00:01:39]} {[%emt 00:00:04]} 43. Nd8
{[%clk 00:20:20]} {[%emt 00:00:08]} Nc5 {[%clk 00:01:31]} {[%emt 00:00:38]} 44.
h4 {[%clk 00:20:05]} {[%emt 00:00:45]} h5 {[%clk 00:01:38]} {[%emt 00:00:23]}
45. Nf7 {[%clk 00:19:54]} {[%emt 00:00:41]} Kc4 {[%clk 00:01:51]} {[%emt
00:00:18]} 46. Ne5+ {[%clk 00:20:15]} {[%emt 00:00:08]} Kd5 {[%clk 00:01:30]}
{[%emt 00:00:51]} 47. Ng6 {[%clk 00:20:36]} {[%emt 00:00:09]} Ne6 {[%clk
00:01:44]} {[%emt 00:00:16]} 48. Kd3 {[%clk 00:21:02]} {[%emt 00:00:04]} Nc5+
{[%clk 00:02:01]} {[%emt 00:00:13]} 49. Kd2 {[%clk 00:21:03]} {[%emt 00:00:28]}
Ne6 {[%clk 00:01:34]} {[%emt 00:00:57]} 50. Kc3 {[%clk 00:21:31]} {[%emt
00:00:03]} Kc5 {[%clk 00:01:43]} {[%emt 00:00:21]} 51. Ne5 {[%clk 00:21:51]}
{[%emt 00:00:10]} Kd6 {[%clk 00:01:25]} {[%emt 00:00:48]} 52. Nd3 {[%clk
00:20:34]} {[%emt 00:01:47]} Kd5 {[%clk 00:01:42]} {[%emt 00:00:14]} 53. Nb4+
{[%clk 00:20:48]} {[%emt 00:00:16]} Kc5 {[%clk 00:01:17]} {[%emt 00:00:55]} 54.
Nc2 {[%clk 00:21:03]} {[%emt 00:00:14]} Nf8 {[%clk 00:01:20]} {[%emt 00:00:27]}
55. Kd3 {[%clk 00:18:38]} {[%emt 00:02:24]} 1/2-1/2

[Event "English Open Championship 2024"]
[Site "Holiday Inn, 212 Abbey End, Kenilworth CV8 1ED, United Kingdom"]
[Date "2024.06.21"]
[Round "4.4"]
[White "Shearsby, Jude"]
[Black "Willow, Jonah B"]
[Result "1/2-1/2"]
[TimeControl "G90 + 30secs/move"]
[WhiteFideId "462527"]
[BlackFideId "438804"]
[WhiteElo "2092"]
[BlackElo "2422"]

1. e4 {[%clk 01:25:30]} {[%emt 00:05:21]} c5 {[%clk 01:30:46]} {[%emt
00:00:21]} 2. Nf3 {[%clk 01:25:47]} {[%emt 00:00:14]} Nc6 {[%clk 01:30:49]}
{[%emt 00:00:27]} 3. Bb5 {[%clk 01:23:14]} {[%emt 00:03:03]} Nf6 {[%clk
01:30:52]} {[%emt 00:00:28]} 4. Nc3 {[%clk 01:22:52]} {[%emt 00:00:51]} Qc7
{[%clk 01:30:33]} {[%emt 00:00:50]} 5. O-O {[%clk 01:21:29]} {[%emt 00:01:51]}
Nd4 {[%clk 01:30:37]} {[%emt 00:00:27]} 6. Re1 {[%clk 01:20:44]} {[%emt
00:01:15]} a6 {[%clk 01:30:39]} {[%emt 00:00:29]} 7. Bf1 {[%clk 01:21:01]}
{[%emt 00:00:13]} Ng4 {[%clk 01:30:25]} {[%emt 00:00:44]} 8. g3 {[%clk
01:18:05]} {[%emt 00:03:25]} Nxf3+ {[%clk 01:30:43]} {[%emt 00:00:12]} 9. Qxf3
{[%clk 01:18:30]} {[%emt 00:00:05]} Ne5 {[%clk 01:31:08]} {[%emt 00:00:05]} 10.
Qd1 {[%clk 01:13:34]} {[%emt 00:05:26]} e6 {[%clk 01:29:35]} {[%emt 00:02:04]}
11. Bg2 {[%clk 01:11:19]} {[%emt 00:02:44]} d6 {[%clk 01:18:53]} {[%emt
00:11:12]} 12. d4 {[%clk 01:07:51]} {[%emt 00:03:58]} cxd4 {[%clk 01:18:58]}
{[%emt 00:00:26]} 13. Qxd4 {[%clk 01:08:15]} {[%emt 00:00:05]} Bd7 {[%clk
01:15:54]} {[%emt 00:03:34]} 14. Be3 {[%clk 01:07:30]} {[%emt 00:01:15]} Nc4
{[%clk 01:09:15]} {[%emt 00:07:10]} 15. Rad1 {[%clk 01:05:48]} {[%emt
00:02:11]} Rc8 {[%clk 00:59:49]} {[%emt 00:09:56]} 16. Bc1 {[%clk 00:48:18]}
{[%emt 00:18:00]} b5 {[%clk 00:49:11]} {[%emt 00:11:08]} 17. a3 {[%clk
00:43:52]} {[%emt 00:04:57]} Qc5 {[%clk 00:48:17]} {[%emt 00:01:23]} 18. Ne2
{[%clk 00:39:42]} {[%emt 00:04:39]} Qxd4 {[%clk 00:43:24]} {[%emt 00:05:24]} 19.
Nxd4 {[%clk 00:39:54]} {[%emt 00:00:18]} Be7 {[%clk 00:38:17]} {[%emt
00:05:37]} 20. Re2 {[%clk 00:37:34]} {[%emt 00:02:51]} O-O {[%clk 00:35:44]}
{[%emt 00:03:02]} 21. b3 {[%clk 00:37:33]} {[%emt 00:00:32]} Ne5 {[%clk
00:33:53]} {[%emt 00:02:20]} 22. Bd2 {[%clk 00:35:48]} {[%emt 00:02:15]} f6
{[%clk 00:19:55]} {[%emt 00:14:27]} 23. Bb4 {[%clk 00:34:20]} {[%emt 00:01:59]}
Nf7 {[%clk 00:19:52]} {[%emt 00:00:33]} 24. Bh3 {[%clk 00:32:42]} {[%emt
00:02:08]} Nd8 {[%clk 00:17:54]} {[%emt 00:02:29]} 25. Nf3 {[%clk 00:28:13]}
{[%emt 00:04:58]} Nf7 {[%clk 00:17:34]} {[%emt 00:00:50]} 26. Nd4 {[%clk
00:28:21]} {[%emt 00:00:22]} 1/2-1/2